[Event "Lansing (MOR/7/2)"]
[Site "?"]
[Date "1997.??.??"]
[Round "?"]
[White "Barta, Roger"]
[Black "Herron, J."]
[Result "1-0"]
[WhiteElo "1705"]
[BlackElo "1740"]
[PlyCount "85"]
[EventDate "1997.??.??"]

{7/(2)} 1. e4 g6 2. d4 Bg7 3. Nc3 d6 4. Nf3 Bg4 5. Be2 Nc6 6. Be3 Nf6 7. Qd2
O-O 8. h3 Bxf3 9. Bxf3 e5 10. d5 Nd4 11. Bxd4 exd4 12. Ne2 Re8 13. O-O-O Nxe4
14. Bxe4 Rxe4 15. Rhe1 Qh4 16. g3 Qf6 17. Nf4 Rae8 18. Nd3 c5 19. dxc6 bxc6 20.
Rxe4 Rxe4 21. Qb4 h5 22. Qb7 d5 23. Qxa7 Bf8 24. b4 Re8 25. a4 Bh6+ 26. Kb2 Qf3
27. Rb1 Re2 28. Qa6 Bd2 29. Qxc6 Bc3+ 30. Kb3 Rxc2 31. Qe8+ Kg7 32. Kxc2 h4 33.
Qe5+ Kh7 34. a5 hxg3 35. Qxg3 Qe2+ 36. Kb3 Qd2 37. Qf3 Ba1 38. Qxf7+ Kh8 39.
Qf8+ Kh7 40. Qe7+ Kh8 41. Qd8+ Kh7 42. Qc7+ Kh8 43. Qc2 1-0

[Event "Lansing (MOR/6/4)"]
[Site "?"]
[Date "1997.??.??"]
[Round "?"]
[White "Barta, Roger"]
[Black "Boyle, John"]
[Result "1-0"]
[WhiteElo "1705"]
[BlackElo "1605"]
[PlyCount "87"]
[EventDate "1997.??.??"]

{6/(4)} 1. e4 c5 2. Nc3 d6 3. g3 Nf6 4. Bg2 g6 5. d3 Bg7 6. Be3 Nc6 7. Qd2 Bd7
8. Bh6 O-O 9. Bxg7 Kxg7 10. Nf3 Rb8 11. O-O-O b5 12. h4 Bg4 13. Rde1 a5 14. e5
dxe5 15. Nxe5 Nxe5 16. Rxe5 Qd6 17. Rhe1 Rfe8 18. Qe3 Be6 19. Bf3 c4 20. Rxb5
Rxb5 21. Nxb5 Qb8 22. Nd4 cxd3 23. Nxe6+ fxe6 24. Qxd3 Qb6 25. Qe3 Rb8 26. Qxb6
Rxb6 27. c4 Nd7 28. Kc2 Kf6 29. Kc3 Ne5 30. Be4 Rd6 31. Re2 h6 32. b3 g5 33.
hxg5+ hxg5 34. Rd2 Rb6 35. a3 g4 36. c5 Rb8 37. b4 axb4+ 38. axb4 Nf3 39. Bxf3
gxf3 40. Kc4 Ke5 41. c6 Rc8 42. Kc5 Rb8 43. c7 Rc8 44. Kc6 1-0

[Event "Lansing (MI Op/6/15)"]
[Site "?"]
[Date "1997.??.??"]
[Round "?"]
[White "Bailey, Greg"]
[Black "Triplett, Thomas"]
[Result "1-0"]
[WhiteElo "1990"]
[BlackElo "1860"]
[PlyCount "111"]
[EventDate "1997.??.??"]

{6/(15)} 1. f4 Nf6 2. b3 b6 3. Nf3 Bb7 4. e3 g6 5. Bb2 Bg7 6. Be2 O-O 7. O-O d6
8. c4 Nbd7 9. Qe1 e6 10. d3 Ng4 11. Bxg7 Kxg7 12. Qc3+ Kg8 13. d4 Ngf6 14. Nbd2
Rc8 15. Rae1 Ne4 16. Nxe4 Bxe4 17. Nd2 Nf6 18. g4 Ba8 19. g5 Ne4 20. Nxe4 Bxe4
21. Bf3 Bxf3 22. Rxf3 f6 23. h4 Qd7 24. gxf6 Rxf6 25. Rg3 Qg7 26. Kf2 c5 27.
dxc5 Rxc5 28. Ke2 d5 29. Rg5 dxc4 30. Rxc5 bxc5 31. Qxc4 Qe7 32. Rg1 Rf5 33.
Rg5 Rxg5 34. hxg5 Kf8 35. Qe4 Kf7 36. Qe5 Ke8 37. Qh8+ Kd7 38. Qb8 Kc6 39. Qe5
Qd7 40. e4 Kb6 41. a3 Qb5+ 42. Kd2 Qa5+ 43. Kc2 Qxa3 44. Qxe6+ Ka5 45. Qe5 Kb5
46. Qe8+ Ka5 47. Qa4+ Qxa4 48. bxa4 Kb6 49. f5 Kc6 50. f6 Kd6 51. Kc3 Ke6 52.
e5 a5 53. Kc4 Kf7 54. Kxc5 Kf8 55. e6 h5 56. gxh6 1-0

[Event "Lansing (MI Op/2/22)"]
[Site "?"]
[Date "1997.??.??"]
[Round "?"]
[White "Bailey, Greg"]
[Black "Spooner, Frank"]
[Result "1-0"]
[WhiteElo "1990"]
[BlackElo "1835"]
[PlyCount "101"]
[EventDate "1997.??.??"]

{2/(22)} 1. f4 Nf6 2. Nf3 d6 3. c4 c5 4. Nc3 g6 5. g3 Bg7 6. Bg2 O-O 7. O-O Nc6
8. e4 Nd7 9. Ne2 Qc7 10. d3 a6 11. a4 b6 12. Nc3 e6 13. Be3 Rb8 14. Qe2 Nd4 15.
Qf2 Nxf3+ 16. Bxf3 Bb7 17. Rad1 e5 18. Nd5 Bxd5 19. cxd5 b5 20. b3 bxa4 21.
bxa4 Rb4 22. a5 f5 23. Qa2 Qd8 24. Rb1 exf4 25. gxf4 Bd4 26. Bxd4 Rxd4 27. Rbe1
fxe4 28. Rxe4 Rxf4 29. Rxf4 Rxf4 30. Qe2 Ne5 31. Be4 Qg5+ 32. Kh1 Kg7 33. Rb1
Ng4 34. Rg1 Qh4 35. Rg3 Nf2+ 36. Kg2 Ng4 37. Qb2+ Qf6 38. Qb7+ Kg8 39. Qc8+ Kg7
40. Rxg4 Qb2+ 41. Kh3 Rf7 42. Qxa6 Qf2 43. Qxd6 Qf1+ 44. Rg2 Qc1 45. Qe5+ Kh6
46. Qb2 Qf4 47. Qd2 g5 48. Qxf4 Rxf4 49. a6 Kh5 50. a7 Rh4+ 51. Kg3 1-0

[Event "Lansing (MI Op/4/15)"]
[Site "?"]
[Date "1997.??.??"]
[Round "?"]
[White "Bailey, Greg"]
[Black "Martell, Raul"]
[Result "1-0"]
[WhiteElo "1990"]
[BlackElo "1840"]
[PlyCount "85"]
[EventDate "1997.??.??"]

{4/(15)} 1. f4 d5 2. b3 c5 3. Bb2 Nf6 4. Nf3 Nc6 5. g3 e6 6. Bg2 Bd6 7. O-O Bd7
8. e3 Qe7 9. Ne5 O-O-O 10. d3 Rhg8 11. Nd2 g6 12. c4 dxc4 13. Nxc6 Bxc6 14.
Bxc6 bxc6 15. Nxc4 Nd7 16. Qf3 Nb8 17. d4 f5 18. Ba3 g5 19. Nxd6+ Qxd6 20. Bxc5
Qc7 21. fxg5 Rxg5 22. Qf4 Qg7 23. Bxa7 Na6 24. Bb6 Rg8 25. Rac1 Kb7 26. Ba5 h5
27. Qf3 Nb8 28. Bb4 Qd7 29. Rc4 h4 30. Be1 hxg3 31. Bxg3 Rg4 32. Kf2 Na6 33.
Rfc1 Rc8 34. b4 Re4 35. b5 Nb8 36. Bxb8 Kxb8 37. bxc6 Qa7 38. c7+ Ka8 39. a4
Qa5 40. R1c2 Qd5 41. Rc5 Qd7 42. Qe2 Qxa4 43. Ra2 1-0

[Event "Kalamazoo (MI Am/1/30)"]
[Site "?"]
[Date "1997.??.??"]
[Round "?"]
[White "Bagnall, C."]
[Black "Scioly, Tony"]
[Result "0-1"]
[WhiteElo "1605"]
[BlackElo "1605"]
[PlyCount "88"]
[EventDate "1997.??.??"]

{1/(30)} 1. d4 Nf6 2. Nc3 e6 3. e4 Bb4 4. Bd3 Nc6 5. Nf3 d5 6. e5 Ne4 7. Bxe4
dxe4 8. Nd2 Nxd4 9. Ndxe4 Qd5 10. O-O Bxc3 11. Nxc3 Qxe5 12. Re1 Qd6 13. Ne4
Qd8 14. Be3 Nf5 15. Bg5 Qxd1 16. Raxd1 f6 17. Bf4 e5 18. g4 Nd4 19. Rd2 Nf3+
20. Kf1 Nxe1 21. Kxe1 exf4 22. g5 Bf5 23. Re2 Kf7 24. h4 Rhe8 25. f3 Bxe4 26.
fxe4 fxg5 27. hxg5 Re5 28. Kf2 Kg6 29. Kf3 Rae8 30. Kxf4 Rxe4+ 31. Rxe4 Rxe4+
32. Kxe4 Kxg5 33. c4 h5 34. Kf3 h4 35. Kg2 Kg4 36. b4 g5 37. a4 Kf4 38. b5 b6
39. Kh3 g4+ 40. Kxh4 Kf3 41. Kh5 g3 42. Kh4 g2 43. Kh3 g1=Q 44. Kh4 Qg4# 0-1

[Event "Kalamazoo (MI Am/4/29)"]
[Site "?"]
[Date "1997.??.??"]
[Round "?"]
[White "Bagnall, C."]
[Black "Rodriguez, P."]
[Result "0-1"]
[WhiteElo "1605"]
[BlackElo "1605"]
[PlyCount "42"]
[EventDate "1997.??.??"]

{4/(29)} 1. d4 Nf6 2. c4 e6 3. Nc3 d5 4. cxd5 exd5 5. Bg5 Be7 6. Nf3 Nbd7 7. a3
O-O 8. e3 b6 9. Bb5 c6 10. Bxc6 Rb8 11. Bxd7 Qxd7 12. Bxf6 Bxf6 13. e4 dxe4 14.
Nxe4 Re8 15. Qd3 Bb7 16. Nfd2 Bxe4 17. Nxe4 Rxe4+ 18. Kf1 Rxd4 19. Qf3 Rd8 20.
g4 Qd5 21. Qe2 Qxh1# 0-1

[Event "Kalamazoo (MI Am/5/31)"]
[Site "?"]
[Date "1997.??.??"]
[Round "?"]
[White "Bagnall, C."]
[Black "Krzyston, Joe"]
[Result "0-1"]
[WhiteElo "1605"]
[BlackElo "1605"]
[PlyCount "36"]
[EventDate "1997.??.??"]

{5/(31)} 1. d4 Nf6 2. c4 c5 3. d5 g6 4. Nc3 Bg7 5. Bf4 d6 6. e4 O-O 7. Nf3 a6
8. Bd3 Nh5 9. Bd2 Nd7 10. g4 Nhf6 11. Bf4 Nxg4 12. h3 Ngf6 13. O-O Nh5 14. Bd2
Ndf6 15. e5 Bxh3 16. exf6 Qd7 17. fxg7 Qg4+ 18. Kh1 Qg2# 0-1

[Event "Lansing (MI Op/1a/3)"]
[Site "?"]
[Date "1997.??.??"]
[Round "?"]
[White "Avery, Robert W"]
[Black "Morabito, Matthew"]
[Result "1-0"]
[WhiteElo "2215"]
[BlackElo "1925"]
[PlyCount "81"]
[EventDate "1997.??.??"]

1. d4 Nf6 2. c4 g6 3. f3 Bg7 4. e4 O-O 5. Bg5 c5 6. d5 Qb6 7. Nc3 Qxb2 8. Nge2
Nxe4 9. Nxe4 Qxa1 10. Bxe7 Qxa2 11. Nf6+ Bxf6 12. Bxf6 d6 13. Nc3 Qa5 14. Qd2
Nd7 15. Bg5 f6 16. Bf4 Ne5 17. Kf2 Bd7 18. Be2 a6 19. g4 Rad8 20. h4 Rfe8 21.
Qc1 b5 22. Ne4 Nxg4+ 23. Kg3 Rxe4 24. fxe4 Ne5 25. h5 Be8 26. cxb5 axb5 27.
Bxe5 fxe5 28. h6 Rd7 29. Rf1 Rf7 30. Bg4 Rxf1 31. Qxf1 Qc3+ 32. Kh4 g5+ 33.
Kxg5 Qe3+ 34. Kf6 Qf4+ 35. Qxf4 exf4 36. Ke7 Bg6 37. e5 c4 38. exd6 Be8 39.
Kxe8 c3 40. d7 c2 41. d8=Q 1-0

[Event "Lansing (MI Op/2/19)"]
[Site "?"]
[Date "1997.??.??"]
[Round "?"]
[White "Ashton, Jeff"]
[Black "Williams, Ron"]
[Result "1/2-1/2"]
[WhiteElo "2135"]
[BlackElo "1920"]
[PlyCount "112"]
[EventDate "1997.??.??"]

{2/(19)} 1. d4 Nf6 2. c4 Nc6 3. Nf3 e6 4. a3 d6 5. Nc3 Be7 6. e4 e5 7. d5 Nb8
8. c5 O-O 9. cxd6 cxd6 10. Bd3 Nbd7 11. O-O Re8 12. Kh1 a6 13. Nd2 Nc5 14. Bc2
Bg4 15. f3 Bh5 16. Nc4 b5 17. Ne3 Bg6 18. Qe2 Rc8 19. Na2 Nh5 20. g3 Qd7 21.
Nb4 Qh3 22. Qg2 Qd7 23. Bd2 Nf6 24. Nc6 Bf8 25. Rfc1 h6 26. a4 bxa4 27. Bxa4
Nxa4 28. Rxa4 Qb7 29. Rb4 Qd7 30. Nc4 a5 31. Rb5 Rxc6 32. dxc6 Qxc6 33. Na3 Qa6
34. Rxa5 Qb7 35. Rb5 Qa8 36. Qe2 d5 37. Ra5 Qd8 38. exd5 e4 39. f4 e3 40. Be1
Qe7 41. Kg1 Bh5 42. d6 Bxe2 43. dxe7 Bxe7 44. b4 Bf3 45. Nc4 e2 46. Ne5 Bh5 47.
h3 Bd8 48. Ra2 Nd5 49. Kh2 f6 50. Nc4 Bc7 51. Rb1 Bg6 52. Rb3 Bf7 53. Rc2 Bg6
54. Ra2 Bf7 55. Rc2 Bg6 56. Rd2 Bf7 1/2-1/2

[Event "Lansing (MI Op/4/24)"]
[Site "?"]
[Date "1997.??.??"]
[Round "?"]
[White "Ashton, Jeff"]
[Black "Townsend, Paul"]
[Result "1-0"]
[WhiteElo "2135"]
[BlackElo "1965"]
[PlyCount "121"]
[EventDate "1997.??.??"]

{4/(24)} 1. d4 e6 2. c4 Nf6 3. Nc3 Bb4 4. Qc2 b6 5. e4 Bb7 6. Bd3 Nc6 7. Nf3 d6
8. O-O Bxc3 9. Qxc3 Qe7 10. d5 Nb8 11. Nd4 Nbd7 12. f4 Nc5 13. Re1 Nxd3 14.
Qxd3 O-O 15. Bd2 Qd7 16. Bc3 c5 17. dxc6 Bxc6 18. Nxc6 Qxc6 19. Bxf6 gxf6 20.
Qg3+ Kh8 21. Qh4 Rg8 22. Qxf6+ Rg7 23. Qd4 Rag8 24. Re2 f5 25. exf5 e5 26. Qd5
Qxd5 27. cxd5 exf4 28. Rf1 Rg4 29. h3 Rh4 30. f6 Rh5 31. Rxf4 Rxd5 32. Re7 Rd1+
33. Rf1 Rxf1+ 34. Kxf1 Rf8 35. f7 Kg7 36. Rxa7 Kf6 37. Rb7 Ke5 38. Rxb6 Rxf7+
39. Ke2 d5 40. a4 Kd4 41. a5 Re7+ 42. Kd2 Rf7 43. Ke2 Kc4 44. a6 d4 45. Rb7 Rf6
46. a7 Ra6 47. Rxh7 Ra2 48. Rb7 Kc5 49. Kd3 Kc6 50. Rb3 Rxa7 51. Kxd4 Rg7 52.
g4 Rg5 53. Ke4 Kc5 54. Kf4 Rg8 55. g5 Kc4 56. Rb6 Kc5 57. Rf6 Rb8 58. g6 Rxb2
59. g7 Rg2 60. Rf5+ Kd6 61. Rg5 1-0

[Event "Lansing (MI Op/1a/8)"]
[Site "?"]
[Date "1997.??.??"]
[Round "?"]
[White "Arganian, David H"]
[Black "Mazuchowski, Tom"]
[Result "0-1"]
[WhiteElo "1860"]
[BlackElo "2095"]
[PlyCount "50"]
[EventDate "1997.??.??"]

1. e4 e5 2. f4 Bc5 3. Nf3 d6 4. c3 Nc6 5. d4 exd4 6. cxd4 Bb4+ 7. Nc3 Nf6 8. d5
Nxe4 9. dxc6 Nxc3 10. bxc3 Bxc3+ 11. Bd2 Bxa1 12. Qxa1 O-O 13. Qd4 bxc6 14. Bc3
Qe8+ 15. Kf2 f6 16. Bc4+ d5 17. Bxd5+ cxd5 18. Ng5 c6 19. Re1 Qg6 20. Re7 h6
21. Nf3 Bg4 22. Nh4 Qh5 23. g3 Rae8 24. Qxa7 Rxe7 25. Qxe7 Qe8 0-1

[Event "Lansing (MI Op/3/27)"]
[Site "?"]
[Date "1997.??.??"]
[Round "?"]
[White "Arganian, David H"]
[Black "Burch, Daniel"]
[Result "0-1"]
[WhiteElo "1860"]
[BlackElo "1680"]
[PlyCount "92"]
[EventDate "1997.??.??"]

{3/(27)} 1. e4 e5 2. f4 exf4 3. Nf3 d6 4. d4 Nf6 5. Bxf4 Bg4 6. Bd3 Nbd7 7. O-O
Be7 8. Qe1 O-O 9. Bg5 Ne8 10. Qh4 Bxg5 11. Nxg5 Nef6 12. Nc3 h6 13. Nf3 Bxf3
14. Rxf3 Nh7 15. Qg3 Qg5 16. Qf2 c6 17. Rf1 Qe7 18. Bc4 Ndf6 19. Re3 Ng4 20.
Qg3 Nxe3 21. Qxe3 Qg5 22. Qf2 Qf6 23. Qd2 Qe7 24. Bd3 Rae8 25. Ne2 Qg5 26. Qxg5
Nxg5 27. Ng3 g6 28. h4 Ne6 29. c3 Kg7 30. Kh2 Nc7 31. Kh3 b5 32. h5 a5 33. Rf4
Ne6 34. Rg4 Ng5+ 35. Kh2 Re7 36. Rf4 Rfe8 37. Kg1 a4 38. a3 Ne6 39. Rg4 Ng5 40.
Rf4 Re6 41. d5 cxd5 42. exd5 Re3 43. Bxb5 Rb8 44. Kf2 Rxg3 45. Kxg3 Rxb5 46.
Rxa4 Rxb2 {[Remainder illegible]} 0-1

[Event "Lansing (MI Op/1a/7)"]
[Site "?"]
[Date "1997.??.??"]
[Round "?"]
[White "Arganian, David G"]
[Black "Triplett, Thomas"]
[Result "1/2-1/2"]
[WhiteElo "2110"]
[BlackElo "1860"]
[PlyCount "57"]
[EventDate "1997.??.??"]

1. e4 c5 2. Nf3 d6 3. d4 cxd4 4. Nxd4 Nf6 5. Nc3 a6 6. Bg5 e6 7. f4 Be7 8. Qf3
Qc7 9. O-O-O Nc6 10. g4 Nxd4 11. Rxd4 b5 12. Bg2 e5 13. Bxf6 gxf6 14. Nd5 Qa5
15. Rd3 Be6 16. Nxe7 Kxe7 17. fxe5 fxe5 18. Rf1 Rad8 19. Qf6+ Ke8 20. Qxh8+ Ke7
21. Qf6+ Ke8 22. Rfd1 Qxa2 23. Ra3 Qc4 24. g5 b4 25. Rad3 Rc8 26. Qh8+ Ke7 27.
Qf6+ Ke8 28. R1d2 Qa2 29. Rd1 1/2-1/2

[Event "Lansing (MI Op/5/9)"]
[Site "?"]
[Date "1997.??.??"]
[Round "?"]
[White "Arganian, David G"]
[Black "Moody, David"]
[Result "1-0"]
[WhiteElo "2110"]
[BlackElo "1990"]
[PlyCount "41"]
[EventDate "1997.??.??"]

{5/(9)} 1. e4 e5 2. Nf3 Nc6 3. Bb5 a6 4. Bxc6 dxc6 5. O-O Qd6 6. Na3 f6 7. Nc4
Qe6 8. Qe2 Bd7 9. d4 exd4 10. Nxd4 Qf7 11. e5 fxe5 12. Nxe5 Qe7 13. Qh5+ g6 14.
Nxg6 Nf6 15. Qh4 hxg6 16. Qxh8 O-O-O 17. Qh4 Bg7 18. Bg5 Rh8 19. Qg3 Ne4 20.
Bxe7 Nxg3 21. hxg3 1-0

[Event "Lansing (MI Op/3/8)"]
[Site "?"]
[Date "1997.??.??"]
[Round "?"]
[White "Arganian, David G"]
[Black "Grossman, Jay"]
[Result "1-0"]
[WhiteElo "2110"]
[BlackElo "1860"]
[PlyCount "117"]
[EventDate "1997.??.??"]

{3/(8)} 1. e4 d5 2. exd5 Qxd5 3. Nc3 Qa5 4. d4 Nf6 5. Bc4 Bf5 6. Nf3 e6 7. Bd2
c6 8. Nd5 Qd8 9. Nxf6+ Qxf6 10. Qe2 Bg4 11. O-O-O Nd7 12. d5 cxd5 13. Bxd5 Be7
14. h3 Bxf3 15. Bxf3 O-O 16. Kb1 Nc5 17. Bc3 Qh6 18. h4 Na4 19. Bd4 Bc5 20. Qc4
Bxd4 21. Qxd4 Nb6 22. Bxb7 Rab8 23. Ba6 Qh5 24. Bd3 Rfc8 25. Ba6 Rf8 26. Rh3 g6
27. g4 Qd5 28. Qxd5 Nxd5 29. Bc4 Nb6 30. Bb3 Rfd8 31. Rhd3 Rxd3 32. Rxd3 Kf8
33. g5 Ke7 34. c3 h6 35. Kc2 hxg5 36. hxg5 Rh8 37. Kd2 Rh5 38. Rg3 Rh2 39. Ke2
Rh4 40. Re3 Nd7 41. Bc2 Rg4 42. Rg3 Rxg3 43. fxg3 Ne5 44. b4 Kd6 45. a4 Nc6 46.
a5 Ke5 47. Ke3 f5 48. Ba4 Ne7 49. c4 Kd6 50. c5+ Kc7 51. Kd4 Nd5 52. b5 f4 53.
gxf4 Nxf4 54. b6+ axb6 55. cxb6+ Kb7 56. Ke5 Nh3 57. Kxe6 Nxg5+ 58. Kd7 Ka6 59.
Bb5+ 1-0

[Event "Tecumseh (RVO/4/5)"]
[Site "?"]
[Date "1997.??.??"]
[Round "?"]
[White "Anderson, James A"]
[Black "Smeckert, Dennis"]
[Result "1-0"]
[WhiteElo "1875"]
[BlackElo "1605"]
[PlyCount "29"]
[EventDate "1997.??.??"]

{4/(5)} 1. c4 e5 2. d3 Nc6 3. Nf3 d6 4. g3 Be7 5. Bg2 Be6 6. Nc3 Qd7 7. Nd5 h5
8. h4 O-O-O 9. Qa4 Bf6 10. Be3 a6 11. Nxf6 gxf6 12. b4 Nb8 13. b5 e4 14. dxe4
Bxc4 15. Qxc4 1-0

[Event "Tecumseh (RVO/2/6)"]
[Site "?"]
[Date "1997.??.??"]
[Round "?"]
[White "Anderson, J."]
[Black "Bedy, N."]
[Result "1-0"]
[WhiteElo "1875"]
[BlackElo "1605"]
[PlyCount "51"]
[EventDate "1997.??.??"]

{2/(6)} 1. c4 Nf6 2. Nf3 e6 3. d4 d5 4. e3 dxc4 5. Bxc4 c5 6. O-O a6 7. Nc3 b5
8. Bb3 Bb7 9. Qe2 Nbd7 10. Rd1 Qb8 11. d5 exd5 12. Nxd5 c4 13. Nxf6+ Nxf6 14.
Bc2 Bd6 15. h3 O-O 16. Bd2 Ne4 17. Bxe4 Bxe4 18. Bc3 Bxf3 19. Qxf3 Be5 20. Bb4
Rd8 21. Rxd8+ Qxd8 22. Rd1 Qe8 23. Rd7 a5 24. Re7 Qb8 25. Qxf7+ Kh8 26. Bd6 1-0

[Event "Kalamazoo (MI Am/2/33)"]
[Site "?"]
[Date "1997.??.??"]
[Round "?"]
[White "Alexander, M."]
[Black "Rodriguez, P."]
[Result "0-1"]
[WhiteElo "1605"]
[BlackElo "1605"]
[PlyCount "84"]
[EventDate "1997.??.??"]

{2/(33)} 1. e4 c5 2. Nc3 Nc6 3. g3 b6 4. Bg2 Bb7 5. d3 Nf6 6. f4 e5 7. Nh3 Be7
8. Be3 O-O 9. Ng5 Nd4 10. h3 d5 11. fxe5 Ne8 12. Qd2 h6 13. Nf3 Nxf3+ 14. Bxf3
d4 15. Bxh6 dxc3 16. bxc3 gxh6 17. Qxh6 Bg5 18. Qh5 Ng7 19. Qg4 Bc8 20. O-O
Bxg4 21. Bxg4 Qe7 22. Rf3 Qxe5 23. Raf1 Qxc3 24. h4 Be7 25. R1f2 Qd4 26. Kg2 f5
27. Bh3 Rf6 28. exf5 Raf8 29. Rf4 Qd5+ 30. Kh2 Kh8 31. Bg2 Qd6 32. Be4 Qd7 33.
g4 Bd6 34. g5 Bxf4+ 35. Rxf4 Qd6 36. Kh3 Qxf4 37. gxf6 Rxf6 38. Kg2 Nxf5 39.
Bxf5 Rxf5 40. Kh3 Re5 41. a4 Re3+ 42. Kg2 Qg3+ 0-1

[Event "Lansing (MOR/6/26)"]
[Site "?"]
[Date "1997.??.??"]
[Round "?"]
[White "Aldrich, Justin"]
[Black "Saenz, Scott"]
[Result "0-1"]
[WhiteElo "1605"]
[BlackElo "1605"]
[PlyCount "106"]
[EventDate "1997.??.??"]

{6/(26)} 1. e4 c5 2. Nf3 Nc6 3. c3 d5 4. exd5 Qxd5 5. Be2 e5 6. d3 Nf6 7. O-O
Be7 8. Nbd2 O-O 9. Nb3 Bf5 10. Be3 Rad8 11. Re1 b6 12. Bg5 e4 13. dxe4 Bxe4 14.
Qxd5 Rxd5 15. Rad1 Rfd8 16. Rxd5 Rxd5 17. Bxf6 gxf6 18. Bb5 Bxf3 19. gxf3 Ne5
20. Kg2 Ng6 21. Bc4 Rg5+ 22. Kh1 Bd6 23. Rg1 Rh5 24. Rd1 Bxh2 25. Kg2 Nf4+ 26.
Kf1 Rg5 27. Ke1 Rg1+ 28. Kd2 Rxd1+ 29. Kxd1 Nh3 30. Ke2 Bf4 31. Bd5 Ng5 32. Nd2
h5 33. Ne4 h4 34. Nxf6+ Kf8 35. Kf1 h3 36. Ng4 f5 37. Ne3 h2 38. Kg2 Nh3 39.
Nxf5 Nxf2 40. Ng3 Bxg3 41. Kxg3 h1=Q 42. Kxf2 Qc1 43. Kg3 Qg5+ 44. Kf2 Qxd5 45.
Ke2 c4 46. f4 Qd3+ 47. Kf2 Kf7 48. f5 Kf6 49. Kg2 Kxf5 50. Kf2 Kf4 51. a4 Qd2+
52. Kg1 Kg3 53. a5 Qd1# 0-1

[Event "Lansing (MOR/4/34)"]
[Site "?"]
[Date "1997.??.??"]
[Round "?"]
[White "Aldrich, Justin"]
[Black "Krimmel, J."]
[Result "1-0"]
[WhiteElo "1605"]
[BlackElo "1605"]
[PlyCount "87"]
[EventDate "1997.??.??"]

{4/(34)} 1. e4 e5 2. Nf3 Nc6 3. Bc4 Nf6 4. d3 h6 5. O-O d6 6. h3 Be7 7. Nc3 a6
8. Nh2 Na5 9. Bb3 Nxb3 10. axb3 O-O 11. f4 exf4 12. Bxf4 Be6 13. Qd2 Nh5 14.
Be3 c6 15. Rf3 Qd7 16. Bxh6 Bf6 17. Bg5 Qe7 18. Bxf6 Nxf6 19. Qg5 Rae8 20. Rg3
g6 21. Rf1 Nh7 22. Qh6 Rd8 23. Rf4 g5 24. Rh4 f6 25. Nf3 Rf7 26. Qg6+ Kf8 27.
Rh6 Ke8 28. Rxh7 Kd7 29. Rxf7 Bxf7 30. Qf5+ Be6 31. Qa5 Rb8 32. d4 Qf7 33. e5
d5 34. exf6 Qxf6 35. Rxg5 Kd6 36. Qc5+ Kc7 37. Re5 Rf8 38. Rxe6 Qd8 39. Qe7+
Kb6 40. Qxd8+ Rxd8 41. Re7 Rb8 42. Ne5 Ka5 43. Na4 b6 44. Nxc6+ 1-0

[Event "Lansing (MOR/2/32)"]
[Site "?"]
[Date "1997.??.??"]
[Round "?"]
[White "Aldrich, Justin"]
[Black "Davis, T."]
[Result "1-0"]
[WhiteElo "1605"]
[BlackElo "1605"]
[PlyCount "49"]
[EventDate "1997.??.??"]

{2/(32)} 1. e4 c5 2. Nf3 d6 3. Bb5+ Bd7 4. Bxd7+ Qxd7 5. c3 Nc6 6. d4 cxd4 7.
cxd4 Nf6 8. Nc3 e5 9. dxe5 dxe5 10. Bg5 Qxd1+ 11. Rxd1 Be7 12. O-O O-O 13. Bxf6
Bxf6 14. Rd7 b6 15. Nd5 Bd8 16. Rc1 Rc8 17. h3 h6 18. Rb7 f6 19. Nh4 Rf7 20.
Rxf7 Kxf7 21. Nf5 Ne7 22. Nd6+ Ke6 23. Nxc8 Nxd5 24. exd5+ Kxd5 25. Rd1+ 1-0

[Event "Lansing (MI Op/5/14)"]
[Site "?"]
[Date "1997.??.??"]
[Round "?"]
[White "Aldrich, Jeff"]
[Black "Williams, Ron"]
[Result "0-1"]
[WhiteElo "2005"]
[BlackElo "1920"]
[PlyCount "90"]
[EventDate "1997.??.??"]

{5/(14)} 1. d4 Nf6 2. c4 Nc6 3. Nc3 e5 4. d5 Ne7 5. e4 Ng6 6. a3 Bc5 7. Bd3 d6
8. Nge2 Ng4 9. Qc2 Bxf2+ 10. Kd1 Bc5 11. b4 Be3 12. Rf1 Qg5 13. Rf3 Nh4 14. Rg3
Qf6 15. Bxe3 Nxe3+ 16. Rxe3 Qf1+ 17. Kd2 Qxa1 18. Qb1 Qxb1 19. Bxb1 Bd7 20. Bd3
b6 21. Rg3 Ng6 22. c5 bxc5 23. bxc5 dxc5 24. Nb5 Bxb5 25. Bxb5+ Ke7 26. Rc3 Kd6
27. Ng3 Ne7 28. Nf1 c6 29. dxc6 Nxc6 30. Ne3 Nd4 31. Ba4 Rab8 32. Nc4+ Ke6 33.
Rg3 g6 34. Rh3 h5 35. Bd1 Rb1 36. g4 h4 37. g5 f5 38. gxf6 Kxf6 39. Rc3 Rd8 40.
Ke1 Rxd1+ 41. Kxd1 Nb5+ 42. Kc2 Nxc3 43. Kxc3 Rd4 44. Nd2 Rxd2 45. Kxd2 h3 0-1

[Event "Lansing (MI Op/7/13)"]
[Site "?"]
[Date "1997.??.??"]
[Round "?"]
[White "Aldrich, Jeff"]
[Black "Rosenberg, Steve"]
[Result "1/2-1/2"]
[WhiteElo "2005"]
[BlackElo "1925"]
[PlyCount "119"]
[EventDate "1997.??.??"]

{7/(13)} 1. d4 Nf6 2. c4 e5 3. dxe5 Ng4 4. Nf3 d6 5. exd6 Bxd6 6. Nc3 Be6 7. e3
Nc6 8. Be2 O-O 9. Bd2 Nge5 10. Nxe5 Nxe5 11. b3 c6 12. h3 f5 13. O-O Qf6 14.
Qe1 g5 15. f4 Ng6 16. g3 Rad8 17. a3 gxf4 18. exf4 Bc5+ 19. Kh1 Rfe8 20. Na4
Bd4 21. Bc3 Bf7 22. Bxd4 Qxd4 23. Rd1 Qe4+ 24. Bf3 Qxe1 25. Rfxe1 Rxe1+ 26.
Rxe1 Rd3 27. Bd1 Rxg3 28. Kh2 Rd3 29. Nc5 Rd2+ 30. Kg3 b6 31. Na4 Rd3+ 32. Kf2
Nxf4 33. Bc2 Nxh3+ 34. Kg2 Nf4+ 35. Kf2 Rd2+ 36. Ke3 Rxc2 37. Kxf4 Bg6 38. Re7
Ra2 39. Rxa7 Rxa3 40. Ra8+ Kf7 41. Nxb6 Rxa8 42. Nxa8 Ke6 43. b4 Kd6 44. b5
cxb5 45. cxb5 Kc5 46. Nc7 Kb6 47. Nd5+ Kxb5 48. Ne7 Kc5 49. Nxf5 Kd5 50. Ne7+
Ke6 51. Nxg6 hxg6 52. Kg5 Kf7 53. Kg4 Kf6 54. Kf4 g5+ 55. Kg4 Kg6 56. Kg3 Kh5
57. Kh3 g4+ 58. Kg3 Kg5 59. Kg2 Kf4 60. Kf2 1/2-1/2

[Event "Lansing (MI Op/3/9)"]
[Site "?"]
[Date "1997.??.??"]
[Round "?"]
[White "Aldrich, Jeff"]
[Black "LaFata, Sam"]
[Result "1/2-1/2"]
[WhiteElo "2005"]
[BlackElo "2045"]
[PlyCount "125"]
[EventDate "1997.??.??"]

{3/(9)} 1. d4 d5 2. c4 e6 3. Nc3 Nf6 4. Bg5 Be7 5. Nf3 Nbd7 6. e3 O-O 7. Qc2 c5
8. Rd1 cxd4 9. Nxd4 dxc4 10. Bxc4 Qa5 11. Bh4 Rd8 12. O-O Ne5 13. Be2 Ng6 14.
Bg3 Bd7 15. Bf3 Qb4 16. Qe2 e5 17. Nb3 e4 18. Bh5 Be6 19. Nd2 Qxb2 20. Ndxe4
Qxe2 21. Bxe2 Nxe4 22. Nxe4 Bxa2 23. Bf3 Bc4 24. Rfe1 Bb4 25. Rxd8+ Rxd8 26.
Ra1 a5 27. Bc7 Rc8 28. Bb6 Ne5 29. Bd1 Nd7 30. Bd4 b5 31. h3 h6 32. Bg4 Be6 33.
Bf3 f5 34. Ng3 g6 35. Ne2 Kf7 36. Nc1 Bc3 37. Bxc3 Rxc3 38. Ne2 Rc8 39. Rxa5 b4
40. Ra7 Ke7 41. Nd4 Rc1+ 42. Kh2 b3 43. Rb7 Rb1 44. Bc6 Kd6 45. Bxd7 Bxd7 46.
Rxb3 Rxb3 47. Nxb3 Ke5 48. Kg3 Be6 49. Nd2 g5 50. f4+ Kf6 51. fxg5+ hxg5 52.
Nf3 Bd5 53. h4 gxh4+ 54. Kxh4 Be4 55. Kg3 Bd3 56. Kf4 Bb1 57. Nd4 Bd3 58. Nxf5
Bxf5 59. e4 Be6 60. e5+ Kg6 61. g3 Bd5 62. g4 Be6 63. g5 1/2-1/2

[Event "Lansing (MI Op/1b/12)"]
[Site "?"]
[Date "1997.??.??"]
[Round "?"]
[White "Aldrich, Jeff"]
[Black "June, Brian"]
[Result "1/2-1/2"]
[WhiteElo "2005"]
[BlackElo "1800"]
[PlyCount "74"]
[EventDate "1997.??.??"]

1. d4 d5 2. c4 e6 3. Nc3 c6 4. Nf3 Bb4 5. a3 Bxc3+ 6. bxc3 Qa5 7. e3 Nf6 8. Qb3
O-O 9. a4 Ne4 10. Ba3 Re8 11. Bb4 Qc7 12. a5 c5 13. dxc5 Nxc5 14. Qa3 Nbd7 15.
Nd4 a6 16. Be2 e5 17. Nf3 dxc4 18. Bxc4 Ne4 19. Qa2 Ndf6 20. O-O Be6 21. Bxe6
Rxe6 22. Qa3 Rd8 23. h3 Qc4 24. Rab1 h6 25. Rb2 Ng5 26. Nxg5 hxg5 27. Be7 Rd7
28. Bxf6 Rxf6 29. Qb4 Qe6 30. Rfb1 Qf5 31. Qg4 Qxg4 32. hxg4 Rd5 33. Ra2 Rc5
34. Ra3 Rc7 35. Kf1 Rfc6 36. Rbb3 Kf8 37. Ke2 Ke7 1/2-1/2

[Event "Lansing (MOR/6/42)"]
[Site "?"]
[Date "1997.??.??"]
[Round "?"]
[White "Aguilar, Javier"]
[Black "Smalec, Joseph"]
[Result "0-1"]
[WhiteElo "1605"]
[BlackElo "1605"]
[PlyCount "98"]
[EventDate "1997.??.??"]

{6/(42)} 1. d4 d5 2. c4 Nc6 3. Nc3 Nf6 4. Bg5 Bf5 5. cxd5 Nxd5 6. Rc1 Ncb4 7.
a3 Nxc3 8. Rxc3 Nc2+ 9. Kd2 Qxd4+ 10. Kc1 Qxd1+ 11. Kxd1 Rc8 12. Nf3 g6 13.
Rxc2 Bxc2+ 14. Kxc2 Bg7 15. e3 e5 16. Bb5+ c6 17. Bc4 O-O 18. Rd1 b5 19. Ba2 a5
20. Rd7 c5 21. Kb1 c4 22. Ra7 Ra8 23. Rxa8 Rxa8 24. Be7 h6 25. e4 Bf8 26. Bxf8
Kxf8 27. Nxe5 Re8 28. Nd7+ Kg7 29. Nc5 Ra8 30. Nb7 a4 31. Nd6 Rb8 32. e5 b4 33.
Bxc4 bxa3 34. Nb5 axb2 35. Kxb2 Rc8 36. Nd6 Rc5 37. f4 f5 38. e6 Kf6 39. g4 Ke7
40. gxf5 Kxd6 41. fxg6 Rxc4 42. g7 Rc8 43. f5 Ke7 44. Ka3 Rg8 45. Kxa4 Rxg7 46.
Kb5 Kf6 47. Kc6 Kxf5 48. Kd6 Kf6 49. h3 Re7 0-1